BASIC CONCEPT OF PSYCHIATRIC NURSING (Record no. 6767)

MARC details
000 -LEADER
fixed length control field 00362nam a2200145Ia 4500
008 - FIXED-LENGTH DATA ELEMENTS--GENERAL INFORMATION
fixed length control field 150301s2005 xx 000 0 und d
082 ## - DEWEY DECIMAL CLASSIFICATION NUMBER
Classification number 610.7369
Item number B05C
100 ## - MAIN ENTRY--PERSONAL NAME
Personal name CLEMENT,I
245 ## - TITLE STATEMENT
Title BASIC CONCEPT OF PSYCHIATRIC NURSING
250 ## - EDITION STATEMENT
Edition statement 1ST
260 ## - PUBLICATION, DISTRIBUTION, ETC. (IMPRINT)
Name of publisher, distributor, etc. AP. JAIN & COMP.
Place of publication, distribution, etc. DELHI
Date of publication, distribution, etc. 2005
300 ## - PHYSICAL DESCRIPTION
Extent 228
650 ## - SUBJECT ADDED ENTRY--TOPICAL TERM
Topical term or geographic name as entry element PSYCHIATRIC NURSING
942 ## - ADDED ENTRY ELEMENTS (KOHA)
Source of classification or shelving scheme Dewey Decimal Classification
Koha item type Books
Holdings
Withdrawn status Lost status Source of classification or shelving scheme Damaged status Not for loan Collection code Home library Current library Shelving location Date acquired Source of acquisition Cost, normal purchase price SGTU Bill Number Total Checkouts Full call number Barcode Date last seen Date last checked out Bill Date Koha item type
    Dewey Decimal Classification     NURSING SGT Medical Library SGT Medical Library Text Book 02/07/2015 A.P JAIN & COMP. 120.00 SGTU 407 2 610.7369 B05C FN2531 09/01/2020 04/01/2020 29/11/2014 Books
    Dewey Decimal Classification     NURSING SGT Medical Library SGT Medical Library Text Book 02/07/2015 A.P JAIN & COMP. 120.00 SGTU 407   610.7369 B05C FN2532 02/07/2015   29/11/2014 Books
    Dewey Decimal Classification     NURSING SGT Medical Library SGT Medical Library Text Book 02/07/2015 A.P JAIN & COMP. 120.00 SGTU 407 2 610.7369 B05C FN2533 25/09/2025 09/09/2025 29/11/2014 Books
    Dewey Decimal Classification     NURSING SGT Medical Library SGT Medical Library Text Book 02/07/2015 A.P JAIN & COMP. 120.00 SGTU 407   610.7369 B05C FN2534 02/07/2015   29/11/2014 Books
    Dewey Decimal Classification     NURSING SGT Medical Library SGT Medical Library Text Book 02/07/2015 A.P JAIN & COMP. 120.00 SGTU 407 1 610.7369 B05C FN2535 18/01/2018 16/01/2018 29/11/2014 Books